Biologie et connaissance : essai sur les relations entre les regulations organiques et les processus cognitifs

Αποθηκεύτηκε σε:
Λεπτομέρειες βιβλιογραφικής εγγραφής
Κύριος συγγραφέας: Piaget, Jean 1896-1980
Μορφή: Βιβλίο
Γλώσσα:French
Δημοσίευση: Paris : Delachaux et Niestle, 1992
Σειρά:Actualites pedagogiques et psychologiques
Θέματα:
Ετικέτες: Προσθήκη ετικέτας
Δεν υπάρχουν, Καταχωρήστε ετικέτα πρώτοι!

MARC

LEADER 00000nam a2200000 i 4500
001 1/47100
008 040121s1992 fre d
020 |a 2-603-00856-0 
035 |l 10072018 
040 |a GR-MY-UA  |b gre  |e aacr 
041 0 |a fre 
082 0 |a 153.3 
100 1 |a Piaget, Jean  |d 1896-1980. 
245 1 0 |a Biologie et connaissance :  |b essai sur les relations entre les regulations organiques et les processus cognitifs /  |c Jean Piaget 
260 |a Paris :   |b Delachaux et Niestle,   |c 1992 
300 |a 346 p. 
490 1 |a Actualites pedagogiques et psychologiques 
650 0 0 |a Cognition. 
650 0 0 |a Psychophysiology. 
830 0 |a Actualites pedagogiques et psychologiques 
852 |a INST  |b RHODES  |e 20040121  |h 153.4 PIA  |p 005400019798  |q 005400019798  |t BK  |y 0 
901 |a BIBL4-2004-1 
909 |a Ρ  |b 108178 
922 |a 4ΕΛΗ  |b 200312  |c ΕΠΕΑΕΚ2/ΤΕΠΑΕΣ  |d ΜΙΧΑΛΟΠΟΥΛΟΣ 
950 |a 096-2003-06-24 
970 |a ΚΟΥΛΑΚΙΟΤΗ  |b ΛΙΤΣΑ  |z 2004/02/09